| 000 | 01179nam a22003017a 4500 | ||
|---|---|---|---|
| 003 | OSt | ||
| 005 | 20181025063610.0 | ||
| 008 | 180609b xxu||||| |||| 00| 0 spa d | ||
| 020 | _a9879505089208 | ||
| 040 | _cPJ | ||
| 130 | _aArgentina. Leyes y Decretos. Ley 19549 | ||
| 245 | 1 | 0 |
_aRégimen de procedimientos administrativos : _bley 19.549 / _crevisado, ordenado y comentado por Tomás Hutchinson. |
| 250 | _a9a. ed. act. y amp. | ||
| 260 |
_aBuenos Aires : _bAstrea, _c2010. |
||
| 300 |
_a421 p. _c20 cm. |
||
| 504 | _aBibliografía: p. 417-421. | ||
| 505 | _aContenido: Decreto reglamentario 1759/72, texto ordenado 1991 según reformas introducidad por decreto 1883/91; con remisión al texto constitucional de 1994. | ||
| 650 | 0 |
_aDERECHO ADMINISTRATIVO _9211 |
|
| 650 | 0 |
_aPROCEDIMIENTO ADMINISTRATIVO _91135 |
|
| 650 | 0 |
_aLEGISLACION APLICABLE _91138 |
|
| 653 | _aLEY 19.549 | ||
| 653 | _aDECRETO 1759/1972 | ||
| 653 | _aDECRETO 1883/1991 | ||
| 700 |
_971 _aHutchinson, Tomás |
||
| 710 |
_92650 _aArgentina. Leyes, decretos, etc. Ley nº 19.549 |
||
| 710 |
_92651 _aArgentina. Leyes, decretos, etc. Decreto 1759/72 |
||
| 942 |
_2udc _cLIB _h342.9 _iREG |
||
| 999 |
_c853 _d853 |
||